• 首页
  • 本馆介绍
  • 公告通知
  • 最新文献
  • 馆藏检索
  • 电子资源
  • 读者导购
  • 参考咨询
  • 我的图书馆
  • 登录
  • 详细信息显示
  • 放入我的书架
  • 预约/预借图书
  • 作者相关作品
  • 分类相关作品
  • 丛书相关作品
  • 出版社相关作品

书目信息

  • 表格格式
  • 工作单格式
  • 卡片格式
题名:
立体几何
    
 
作者: ;《数理化自学丛书》编辑委员会数学编写小组 编
分册:  
出版信息: 上海   上海科学技术出版社  1978
页数: 311页
开本: 19cm
丛书名: 数理化自学丛书
单 册:
中图分类: O123.2
科图分类:
主题词: 立体几何--中学--自学参考资料 , 初等数学
电子资源:
ISBN:
000 00875nam2 2200253 45
001 0178005673
005 20060816173718.00
010    @dCNY0.68
091    @aCN@b13119.727
100    @a19950725d1978 demy0chiy0121 ea
101 0  @achi
102    @aCN@b310000
105    @ay z 000yy
200 10 @a立体几何@Ali ti ji he@f《数理化自学丛书》编辑委员会数学编写小组编@F《shu li hua zi xue cong shu》bian ji wei yuan hui shu xue bian xie xiao zu bian
210    @a上海@c上海科学技术出版社@d1978
215    @a311页@d19cm
225 2  @a数理化自学丛书
410  0 @120010@a数理化自学丛书
606    @a立体几何@x中学@x自学参考资料
606 0  @a初等数学
690    @aO123.2@v3
711  0 @a《数理化自学丛书》编辑委员会数学编写小组@A《shu li hua zi xue cong shu》bian ji wei yuan hui shu xue bian xie xiao zu@4编
801  0 @aCN@bTSSF@c20060816
905    @a10447@dO123.2@e219
    
    立体几何/《数理化自学丛书》编辑委员会数学编写小组编.-上海:上海科学技术出版社,1978
    311页;19cm.-(数理化自学丛书)
    
    
    ISBN :CNY0.68
    
●
相关链接 在E读中查询图书 在五车中查询图书 在当当中查询图书 在豆瓣中查询图书


正题名:立体几何     索取号:O123.2/219         预约/预借

序号 登录号 条形码 馆藏地/架位号 状态 备注
1 0006191   202250250   密集书库/ [索取号:O123.2/219] 在馆    
2 0006194   001244601   密集书库/ [索取号:O123.2/219] 在馆    
3 0006197   001244594   密集书库/ [索取号:O123.2/219] 在馆    
4 0006198   202250232   密集书库/ [索取号:O123.2/219] 在馆    
5 0006199   202250241   密集书库/ [索取号:O123.2/219] 在馆    
6 0006200   202250036   密集书库/ [索取号:O123.2/219] 在馆    
7 0006205   202250081   密集书库/ [索取号:O123.2/219] 在馆    
8 0006208   202250278   密集书库/ [索取号:O123.2/219] 在馆    
9 0009148   001244647   密集书库/ [索取号:O123.2/219] 在馆    
10 0049560   202250223   密集书库/ [索取号:O123.2/219] 在馆    
11 0431243   204312430   密集书库/ [索取号:O123.2/219] 在馆    
12 0431244   204312449   密集书库/ [索取号:O123.2/219] 在馆    
13 0431245   204312458   密集书库/ [索取号:O123.2/219] 在馆    
14 0431246   204312467   密集书库/ [索取号:O123.2/219] 在馆    
15 0431247   204312476   密集书库/ [索取号:O123.2/219] 在馆    
16 0431248   204312485   密集书库/ [索取号:O123.2/219] 在馆    
17 0462023   204620231   密集书库/ [索取号:O123.2/219] 在馆    
唐山师范学院图书馆 欢迎您!
大连网信软件有限公司© 版权所有